000 00303nam a22001217a 4500
008 170628b xxu||||| |||| 00| 0 eng d
041 _aeng
080 _a82
100 _a21
101 _aGJL
245 _aTHE LOST TRADITION MOTHERS AND DAUGHTERS IN LITERATURE
_cDAVIDSON.C.N
942 _2udc
_cBK
999 _c19398
_d19398